| 000 | 00455nam a22001697a 4500 | ||
|---|---|---|---|
| 999 |
_c524377 _d524377 |
||
| 003 | NUST | ||
| 038 | _awaseem | ||
| 082 |
_a920 _bFAR |
||
| 100 |
_aFarooqi, Nisar Ahmed _915202 |
||
| 245 |
_aGalib Ki Ap Biti / _cNisar Ahmed Farooqi |
||
| 260 |
_aLahore : _bBook Home, _c2004. |
||
| 300 | _a104 p. ; | ||
| 500 | _aHardcover. | ||
| 880 |
_6100-01\r _aنثار احمد فاروقی |
||
| 880 |
_6245-02\r _aغالب کی آپ بیتی / |
||
| 942 |
_2ddc _cBK |
||